000 00199 a2200097 4500
020 _a9781933605401
041 _aspa
100 _aGebhard, Wilfried
245 _aLo que Eduardo sabe haacer
942 _cBK
999 _c4401
_d4401